[Event "Yingmei CHN-chT 2018"]
[Site "Jiaxing"]
[Date "2018.07.11"]
[Round "9"]
[White "Sethuraman, S P"]
[Black "Zou, Chen"]
[Result "1-0"]
[WhiteElo "2657"]
[BlackElo "2361"]
[Annotator "TA"]
[PlyCount "55"]
[EventDate "2018.07.09"]
[EventType "team-tourn"]
[EventCountry "CHN"]
[SourceTitle "playchess.com"]
[Source "ChessBase"]
[SourceQuality "1"]

{[%evp 15,55,35,34,40,35,35,67,61,81,72,81,67,74,82,110,103,206,203,307,304,285,308,300,299,294,312,300,277,287,258,523,522,699,697,1641,1374,29994,29989,29996,29993,29993,29994]} 1. e4 c5 2. Nc3 d6 3. d4 cxd4 4. Qxd4 Nc6 5. Qd2 Nf6 6. b3 {B23: Closed Sicilian: Lines without g3} g6 7. Bb2 Bg7 8. O-O-O O-O {LiveBook: 3 Games} 9. Kb1 Qa5 10. f3 e5 ({Predecessor:} 10... Rd8 11. Nge2 {1-0 (27) Ivic,V (2425)-Cholleti,S (2151) Veliko Gradiste 2018}) 11. Nge2 ({Reject} 11. Qxd6 Rd8 $15) 11... Rd8 $146 12. g4 {[%cal Bg2g4,Bg4g5][%mdl 32]} Be6 13. g5 Nh5 14. h4 Kh8 15. Bh3 Ne7 {[#]} (15... Kg8 $16 {might work better.}) 16. Bg4 $1 $18 Qb6 (16... Rac8 $142 17. Bxh5 gxh5) 17. Bxh5 gxh5 18. Ng3 d5 19. Nxh5 ({Resist} 19. exd5 $6 Nxd5 20. Nxd5 Rxd5 $18) 19... d4 20. Nxg7 Kxg7 21. Ne2 a5 {[#]} 22. g6 $1 {[%mdl 512]} fxg6 $2 (22... Qb4 {was necessary.} 23. gxf7 Qxd2 24. Rxd2 Kxf7) (22... Nxg6 23. h5) 23. h5 a4 24. hxg6 hxg6 25. Qg5 Nc6 26. Rdg1 {White mates.} Bf7 27. Ng3 Rg8 28. Ba3 {Precision: White = 92%, Black = 32%.} 1-0

[Event "Yingmei CHN-chT 2018"]
[Site "Jiaxing"]
[Date "2018.07.11"]
[Round "9"]
[White "Gordievsky, Dmitry"]
[Black "Peng, Hongchi"]
[Result "1-0"]
[WhiteElo "2653"]
[BlackElo "2324"]
[Annotator "ChessBase"]
[PlyCount "123"]
[EventDate "2018.07.09"]
[EventType "team-tourn"]
[EventCountry "CHN"]
[SourceTitle "playchess.com"]
[Source "ChessBase"]
[SourceQuality "1"]
[TimeControl "5400+30"]

1. Nf3 Nf6 2. c4 d6 3. d4 g6 4. g3 Bg7 5. Bg2 O-O 6. O-O Nbd7 7. Nc3 e5 8. h3 Re8 9. e4 exd4 10. Nxd4 Nc5 11. Re1 Bd7 12. Kh2 Rb8 13. Rb1 a6 14. b4 Ne6 15. Nde2 h6 16. f4 b5 17. cxb5 axb5 18. Bb2 Rb6 19. a3 c5 20. Qd2 c4 21. e5 dxe5 22. fxe5 Nh7 23. Rbd1 Nef8 24. Nd5 Ra6 25. Nef4 Qb8 26. Nf6+ Nxf6 27. exf6 Bxf6 28. Bxf6 Rxf6 29. Nd5 Rfe6 30. Qxh6 Bc6 31. Rxe6 Rxe6 32. Nf4 Bxg2 33. Nxe6 Nxe6 34. Kxg2 Qa8+ 35. Kh2 Qxa3 36. Qd2 Qf3 37. Rc1 Kh7 38. Rc2 Qe4 39. Qe2 Qd5 40. Qg2 Qd7 41. Rc1 Kg7 42. Qb2+ Kg8 43. Qc3 Qd5 44. Rf1 Nd4 45. Qe3 Nc6 46. Re1 Kh7 47. Qc3 Nd4 48. Rf1 Kg8 49. Qe3 Nc6 50. Rb1 Ne5 51. Rf1 Nd3 52. Rd1 Kh7 53. h4 Qf5 54. Rd2 Nxb4 55. Rf2 Qd7 56. h5 Nd3 57. Rf6 c3 58. hxg6+ fxg6 59. Qe4 Qg7 60. Qh4+ Kg8 61. Rc6 Qd7 62. Rxg6+ 1-0

[Event "Yingmei CHN-chT 2018"]
[Site "Jiaxing"]
[Date "2018.07.11"]
[Round "9"]
[White "Lu, Shanglei"]
[Black "Wan, Yunguo"]
[Result "1-0"]
[WhiteElo "2643"]
[BlackElo "2499"]
[Annotator "TA"]
[PlyCount "79"]
[EventDate "2018.07.09"]
[EventType "team-tourn"]
[EventCountry "CHN"]
[SourceTitle "playchess.com"]
[Source "ChessBase"]
[SourceQuality "1"]

{[%evp 11,79,-3,9,5,0,1,6,7,0,0,4,0,1,-41,-16,-48,-38,-19,-20,-137,-120,-147,-152,-163,-129,-160,-133,-147,-162,-191,-96,-133,-49,-129,-124,-102,95,81,92,88,107,105,102,30,39,42,28,50,68,58,100,90,122,74,116,114,153,144,202,201,194,155,650,659,664,658,743,767,725,714]} 1. e4 c5 2. Nc3 Nc6 3. Bb5 Nd4 4. Bc4 Nf6 (4... e6 5. Nge2 Ne7 6. Nxd4 cxd4 7. Ne2 Nc6 8. O-O a6 9. d3 d5 10. exd5 exd5 11. Bb3 Bd6 12. Nf4 Bxf4 13. Bxf4 O-O 14. Qf3 Be6 15. Rfe1 {1-0 (58) Cornette,M (2611)-Lenic,L (2662) chess.com INT 2018}) 5. Nge2 a6 6. a4 {B23: Closed Sicilian: Lines without g3} e6 {LiveBook: 26 Games} 7. Ba2 d5 8. d3 {The position is equal.} Nxe2 9. Qxe2 {Strongly threatening exd5.} d4 10. Nb1 Qa5+ 11. Nd2 Qxa4 12. g4 $146 ({Predecessor:} 12. f4) 12... h6 13. f4 Qc6 $36 {[%mdl 2048] Black has some pressure.} 14. O-O Be7 15. b4 (15. Nc4 $11 {remains equal.}) 15... cxb4 $17 16. Nb3 Qc7 17. Bb2 e5 18. Kh1 Bxg4 19. Qg2 exf4 {aiming for ...f3.} 20. Nxd4 O-O-O (20... O-O $19 {Hoping for ...Qe5.} 21. Nf5 Bxf5 22. exf5 Qc6 23. Qxc6 bxc6 24. Rxf4 a5) 21. Bxf7 {[#]} Bc5 (21... h5 $1 $17 {Threatens to win with ...Bc5.} 22. Ne6 Bxe6 23. Bxe6+ Kb8 24. Qxg7 Ng4 25. Bxg4 Rhg8) 22. Be6+ ({White should play} 22. Ne6 $15 Qxf7 23. Nxc5 (23. Nxd8 Qh5 $17)) 22... Kb8 23. Nb5 f3 $2 (23... axb5 $17 {and life is bright.} 24. Bxg4 h5 25. Bxf6 gxf6) 24. Qxg4 $1 $16 axb5 25. Qxf3 Bd4 26. Bxd4 Rxd4 27. Ra2 (27. Qf2 $16 Rhd8 28. Bb3) 27... Qe5 28. Qf5 Qxf5 29. Rxf5 Ne8 30. Rf7 {[%mdl 1024] White has compensation.} Nc7 31. Bb3 g5 32. Kg2 Rhd8 33. Kf3 Na6 34. Ra5 Nc5 (34... Nc7 $16 {was called for.} 35. Ra1 R4d6) 35. Bd5 $1 $18 ({Weaker is} 35. Rxb5 Nxb3 36. cxb3 Rxd3+ 37. Kg4 R8d7 $11) 35... b3 36. Rxb5 R8xd5 $2 (36... R4xd5 $16 37. exd5 Nd7) 37. exd5 {White is clearly winning.} Rxd5 38. c4 Rxd3+ 39. Ke2 b2 {[#]} 40. Rfxb7+ $1 {[%mdl 512] Precision: White = 39%, Black = 46%.} 1-0

[Event "Yingmei CHN-chT 2018"]
[Site "Jiaxing"]
[Date "2018.07.11"]
[Round "9"]
[White "Ma, Qun"]
[Black "Yu, Yangyi"]
[Result "1/2-1/2"]
[WhiteElo "2631"]
[BlackElo "2754"]
[Annotator "TA"]
[PlyCount "94"]
[EventDate "2018.07.09"]
[EventType "team-tourn"]
[EventCountry "CHN"]
[SourceTitle "playchess.com"]
[Source "ChessBase"]
[SourceQuality "1"]

{[%evp 12,94,10,7,10,-3,-3,-3,-3,-7,0,-4,33,38,33,41,59,20,19,14,14,16,12,11,23,21,18,17,20,19,37,46,45,43,27,0,0,0,0,0,0,0,0,-10,-10,-10,0,-10,-6,0,-2,-2,-2,-4,0,0,0,0,0,-21,0,-21,-21,-22,0,-10,-10,-10,-8,-8,-8,-5,0,0,0,0,0,0,0,0,0,0,0,0,0]} 1. d4 f5 2. Nc3 Nf6 3. Bg5 d5 4. Bxf6 exf6 5. e3 Be6 6. Bb5+ {A80: Dutch Defence: Unusual White second moves} (6. Qf3 Qd7 7. a3 Nc6 8. Bb5 a6 9. Ba4 b5 10. Bb3 Rd8 11. Nge2 Na5 12. Nf4 c6 13. a4 b4 14. Nce2 {1-0 (59) Bruzon Batista,L (2679)-Anton Guijarro,D (2616) Dubai 2016}) 6... c6 7. Bd3 {LiveBook: 13 Games} g6 8. Qf3 h5 9. h3 Rg8 $146 ({Predecessor:} 9... Bf7 10. Nge2 Bd6 11. g4 hxg4 12. hxg4 Rxh1+ 13. Qxh1 fxg4 {½-½ (24) Astasio Lopez,D (2401)-Jimenez Almeida,L (2225) Zornotza 2015}) 10. Nge2 Bd6 11. Nf4 Qe7 12. Nxe6 Qxe6 13. Ne2 Nd7 14. Nf4 Qf7 15. O-O-O O-O-O 16. Kb1 Ne5 17. dxe5 fxe5 18. Nxd5 (18. Nxg6 $2 e4 $17) 18... cxd5 19. Bb5 {[%cal Bd3b5,Bb5a4,Ba4b3][%mdl 32]} e4 20. Qe2 Be5 21. Ba4 Rd6 22. Bb3 {[#] Threatens to win with Bxd5!} Rgd8 23. Rd2 Qc7 {The position is equal.} 24. c3 h4 25. Rhd1 {[%cal Rd2d5]} Qc5 26. Qe1 Kb8 27. Qe2 a6 28. Qe1 Qb5 (28... R8d7 {looks sharper.} 29. Qg1 Qc6 30. Rc1 Qb6 31. Qd1 Qc5) 29. Qe2 (29. f4 {keeps more tension.} Bf6 30. c4 Qb6 31. cxd5 Rc8 32. Re2) 29... Qxe2 (29... Qc6 {feels hotter.} 30. Rc1 Bf6 31. Qd1 Qc5 32. a3 Qc6) 30. Rxe2 Kc7 31. Kc2 Kc6 32. Kd2 Kc5 33. Ke1 b5 34. Red2 a5 {[%cal Ba6a5,Ba5a4][%mdl 32]} 35. a3 g5 36. Ke2 a4 37. Ba2 g4 38. Rh1 Bf6 39. g3 Rh8 {And now ...hxg3 would win.} 40. hxg4 $1 fxg4 41. gxh4 Rxh4 42. Rdd1 Rd8 43. Rxh4 Bxh4 44. Rh1 Rh8 45. Rh2 Bf6 46. Rxh8 Bxh8 47. Bb1 Be5 {Precision: White = 73%, Black = 70%.} 1/2-1/2

[Event "Yingmei CHN-chT 2018"]
[Site "Jiaxing"]
[Date "2018.07.11"]
[Round "9"]
[White "Zhou, Jianchao"]
[Black "Ma, Qun"]
[Result "1/2-1/2"]
[WhiteElo "2624"]
[BlackElo "2631"]
[Annotator "TA"]
[PlyCount "70"]
[EventDate "2018.07.09"]
[EventType "team-tourn"]
[EventCountry "CHN"]
[SourceTitle "playchess.com"]
[Source "ChessBase"]
[SourceQuality "1"]

{[%evp 13,70,15,15,12,18,11,12,19,14,1,13,13,15,8,42,42,43,43,45,35,40,26,25,12,41,47,39,16,24,18,22,20,35,37,43,54,56,58,63,60,61,58,26,8,8,8,8,0,83,51,57,55,83,8,8,8,66,0,0]} 1. Nf3 Nf6 2. d4 d5 3. Bf4 Bf5 4. e3 e6 5. c4 Bxb1 6. Rxb1 {D02: Damenbauernspiele} Bb4+ 7. Ke2 Bd6 {LiveBook: 10 Partien} 8. g3 Nbd7 $146 ({Vorgänger:} 8... O-O 9. Qb3 Nc6 10. cxd5 Nxd5 11. Bg2 Be7 12. h4 Na5 13. Qa4 c5 14. dxc5 Bxc5 {1-0 (49) Kamsky,G (2705)-Shulman,Y (2604) Connecticut 2007}) 9. Bg2 Bxf4 10. gxf4 c6 11. Qb3 Qb6 12. Rhc1 O-O 13. Ne5 Rad8 (13... dxc4 {is interesting.} 14. Qxc4 Qd8 15. Qb3 Qc7 16. Kf1 Rfd8) 14. Qxb6 axb6 15. a4 Ra8 16. b3 {[%cal Bb2b3,Bb3b4,Bb4b5][%mdl 32]} Rfd8 17. Rb2 Kf8 18. cxd5 Nxe5 19. fxe5 Nxd5 20. b4 Rxa4 21. b5 c5 22. dxc5 bxc5 23. Rxc5 Ra5 24. Bxd5 b6 25. Rc6 Rxd5 26. Rxb6 Rxe5 $14 {[%mdl 4096] Endspiel KTT-KTT} 27. Rb7 g5 28. b6 Rab5 29. Rxb5 Rxb5 $11 {KT-KT} 30. Kd3 Kg7 (30... g4 $11 {hält das Gleichgewicht.}) 31. f3 h5 32. Kc4 Rb2 {[#]} 33. Kc3 (33. h3 $1 $16) 33... Rb1 $1 34. h3 Kf6 (34... Kg6 $1 $11) 35. Rb8 (35. Kc4 $14) 35... Ke5 {Precision: Weiß = 46%, Schwarz = 58%.} 1/2-1/2

[Event "Yingmei CHN-chT 2018"]
[Site "Jiaxing"]
[Date "2018.07.11"]
[Round "9"]
[White "Zhao, Jun"]
[Black "Lin, Yi"]
[Result "1-0"]
[WhiteElo "2602"]
[BlackElo "2365"]
[Annotator "TA"]
[PlyCount "51"]
[EventDate "2018.07.09"]
[EventType "team-tourn"]
[EventCountry "CHN"]
[SourceTitle "playchess.com"]
[Source "ChessBase"]
[SourceQuality "1"]

{[%evp 17,51,-7,-5,-20,-9,-39,-18,-19,-12,-15,4,-13,0,0,1,3,18,22,18,12,8,7,12,8,16,21,83,87,79,85,1057,1045,1145,1143,1121,1107]} 1. e4 e5 2. Bc4 Nf6 3. d3 c6 4. Nf3 d5 5. Bb3 a5 6. a3 {C24: Bishop's Opening: 2...Nf6} (6. a4 Bb4+ 7. c3 Bd6 8. Nbd2 O-O 9. O-O Nbd7 10. Re1 Re8 11. h3 h6 12. Nf1 Nf8 13. Ng3 Ng6 {0-1 (72) Leko,P (2691)-Li,C (2732) Riadh 2017}) 6... a4 7. Ba2 Bd6 8. Nc3 Be6 9. O-O Nbd7 {LiveBook: 3 Games} 10. Ng5 $146 ({Predecessor:} 10. Re1 O-O 11. h3 h6 12. Nh2 {½-½ (12) Casper,T (2369)-Ruecker,B (2261) Germany 2017}) 10... O-O 11. Ne2 Nc5 {[%cal Rd5e4]} (11... Bg4 {feels hotter.} 12. h3 Bh5 13. exd5 cxd5 14. g4 Bg6) 12. Nxe6 fxe6 13. Ng3 Kh8 14. Qe2 Qb6 15. Rb1 Ncd7 16. Be3 Bc5 (16... Qc7 {is more complex.} 17. c3 Rae8 18. f3 b5 19. Rfe1 c5) 17. Bxc5 Qxc5 18. c3 b5 19. Rbd1 Qb6 20. d4 Rae8 21. Bb1 dxe4 (21... c5 $11 {remains equal.}) 22. dxe5 Nxe5 {White should prevent ...e3!} 23. Nxe4 {aiming for Nd6.} Nc4 $2 {[%mdl 8192]} (23... Re7 $16) 24. Nxf6 $18 {White is clearly winning.} Rxf6 25. Qh5 {[%csl Gb1][%cal Rh5h7]} g6 {[#]} 26. Bxg6 $1 {[%mdl 512] Precision: White = 75%, Black = 23%.} 1-0

[Event "Yingmei CHN-chT 2018"]
[Site "Jiaxing"]
[Date "2018.07.11"]
[Round "9"]
[White "Xu, Xiangyu"]
[Black "Zhou, Jianchao"]
[Result "1/2-1/2"]
[WhiteElo "2585"]
[BlackElo "2624"]
[Annotator "RC"]
[PlyCount "45"]
[EventDate "2018.07.09"]
[EventType "team-tourn"]
[EventCountry "CHN"]
[SourceTitle "playchess.com"]
[Source "ChessBase"]
[SourceQuality "1"]
[TimeControl "5400+30"]

1. d4 d5 2. Nf3 Nf6 3. c4 e6 4. g3 dxc4 5. Bg2 Bd7 6. Ne5 Bc6 7. Nxc6 Nxc6 8. O-O Qd7 9. e3 Rd8 10. Qc2 e5 11. dxe5 Nxe5 12. Nd2 c6 13. Nxc4 Nxc4 14. Qxc4 Qe6 15. b3 Bd6 16. Bb2 O-O 17. Qc3 Rfe8 18. Qa5 a6 19. Rad1 Qe7 20. Qf5 Qe6 21. Qa5 Qe7 22. Qf5 Qe6 23. Qa5 1/2-1/2

[Event "Yingmei CHN-chT 2018"]
[Site "Jiaxing"]
[Date "2018.07.11"]
[Round "9"]
[White "Wen, Yang"]
[Black "Xiang, Zeyu"]
[Result "1-0"]
[WhiteElo "2581"]
[BlackElo "2420"]
[Annotator "TA"]
[PlyCount "79"]
[EventDate "2018.07.09"]
[EventType "team-tourn"]
[EventCountry "CHN"]
[SourceTitle "playchess.com"]
[Source "ChessBase"]
[SourceQuality "1"]

{[%evp 19,79,19,20,16,14,18,23,0,21,20,12,-58,50,-4,31,36,41,47,41,25,22,31,27,49,100,106,117,86,113,116,88,91,91,112,101,97,97,97,67,60,58,66,67,75,197,231,199,198,228,272,303,285,436,429,692,643,29971,29972,29969,29948,29990,29976]} 1. e4 e5 2. Nf3 Nf6 3. Nxe5 d6 4. Nf3 Nxe4 5. Nc3 Nxc3 6. dxc3 Be7 7. Be3 Nc6 {C42: Russische Verteidigung (Petrow)} 8. Bd3 Bf6 9. Qe2 O-O 10. O-O-O Re8 {LiveBook: 3 Partien} 11. h4 h6 $146 ({Vorgänger:} 11... Rb8 12. Kb1 b5 13. Ng5 h6 14. Qh5 Ne5 {1-0 (28) Amin,B (2689)-Yu,Y (2751) Riadh 2017}) 12. Rdg1 Bg4 13. Qd2 Qd7 14. Kb1 Rab8 15. a3 (15. Nh2 $11) 15... d5 ({Günstiger ist} 15... b5 $1 $15) 16. Nd4 (16. h5 $14) 16... Nxd4 17. cxd4 c5 18. dxc5 d4 19. Bf4 (19. Bg5 $5 hxg5 20. hxg5 $15) 19... Rbc8 20. f3 Be6 $1 21. g4 {[%cal Bg2g4,Bg4g5,Bg5g6][%mdl 32]} Qd5 (21... Be7 $1 $14) 22. b3 $16 {Und g5 würde nun gewinnen.} Be5 23. g5 Bxf4 24. Qxf4 h5 25. g6 {zielt auf gxf7+ ab.} f6 26. Re1 Rxc5 27. Rh2 {The2 ist eine echte Drohung.} Rc3 {[#]} 28. Rxe6 $1 {[%mdl 512]} Qxe6 29. Re2 $40 {[%mdl 128] Schwarz muss sich nun genau verteidigen.} Qc8 ({Jedoch nicht} 29... Rxb3+ $2 30. Ka2 $18) 30. Rxe8+ Qxe8 31. Qxd4 $14 {[%mdl 4096] Endspiel KDT-KDL} Rc8 (31... Rc7 $16 {war nötig.}) 32. Qd5+ $18 ({Nicht} 32. Qxa7 Qe1+ 33. Kb2 Qc3+ 34. Ka2 Qd2 $11) 32... Kf8 33. Qxb7 Rd8 34. Qxa7 Qe7 35. Qa5 Rd4 (35... Ke8 $142 36. Qb5+ Qd7 37. Qxh5 Ke7) 36. Qxh5 {[%cal Rh5h8]} Qe1+ (36... Ke8 $142 37. a4 Kd8) 37. Ka2 Rxh4 38. Qd5 {[%csl Gg6][%cal Rd5f7] Weiß setzt Matt.} Qe7 39. Bc4 {[%csl Gc4][%cal Rd5g8]} Rh8 40. a4 {Precision: Weiß = 75%, Schwarz = 46%.} 1-0

[Event "Yingmei CHN-chT 2018"]
[Site "Jiaxing"]
[Date "2018.07.11"]
[Round "9"]
[White "Bai, Jinshi"]
[Black "Li, Chao b"]
[Result "1/2-1/2"]
[WhiteElo "2579"]
[BlackElo "2715"]
[Annotator "TA"]
[PlyCount "64"]
[EventDate "2018.07.09"]
[EventType "team-tourn"]
[EventCountry "CHN"]
[SourceTitle "playchess.com"]
[Source "ChessBase"]
[SourceQuality "1"]

{[%evp 9,64,47,56,0,0,-6,-6,-6,-7,-6,-10,0,0,-7,-2,-25,-33,-29,-20,-19,0,0,0,0,0,0,0,0,0,0,0,0,0,0,8,8,8,8,15,15,15,0,15,0,15,15,15,7,15,0,15,0,15,0,14,0,14]} 1. d4 Nf6 2. c4 g6 3. Nc3 d5 4. Bg5 c5 (4... Bg7 5. Nf3 Ne4 6. Bf4 O-O 7. Nxd5 c5 8. Qc2 f5 9. Bc7 Qd7 10. Be5 cxd4 11. Bxg7 Kxg7 12. Qd1 Nc6 13. Nxd4 e6 14. Nxc6 exd5 {1-0 (54) So,W (2778)-Grischuk,A (2766) Paris 2018}) 5. Bxf6 exf6 {LiveBook: 11 Games} 6. Nxd5 {D80: Grünfeld: Unusual White 4th moves and 4 Bg5} ({White should play} 6. cxd5 $14 Qb6 7. e3) 6... cxd4 $11 7. Nf3 $146 ({Predecessor:} 7. g3 Nc6 8. Bg2 Be6 9. Nh3 g5 10. f4 g4 11. Nf2 f5 12. Qa4 {0-1 (44) Ponkratov,P (2590)-Dubov,D (2660) Minsk 2017}) 7... Nc6 8. g3 Be6 9. Bg2 Bxd5 10. cxd5 Qxd5 11. O-O {[#] Black must now prevent Nxd4.} Bc5 12. e3 {And now Nxd4 would win.} (12. Nd2 {keeps more tension.} Qe5 13. Bxc6+ bxc6 14. Qc2 O-O 15. Nf3) 12... Qd6 13. exd4 Nxd4 14. Nxd4 {The position is equal.} Qxd4 (14... Bxd4 {feels hotter.} 15. Bxb7 Rd8 16. Qa4+ Kf8 17. Bf3 h5) 15. Qxd4 (15. Bxb7 {looks sharper.} Rb8 16. Qe2+ Kf8 17. Rad1 Qb4 18. Bd5) 15... Bxd4 16. Rfe1+ Kf8 17. Rad1 Rd8 18. Bxb7 Kg7 19. Rd2 Bb6 20. Red1 Rxd2 21. Rxd2 Rd8 22. Rxd8 Bxd8 {[%mdl 4096] Endgame KB-KB} 23. g4 f5 24. gxf5 gxf5 25. Kg2 Bc7 26. h3 Kf6 27. Ba6 Ke5 28. Bd3 Kf4 29. Bc2 Bb6 30. Bd3 Bc7 31. Bc2 Bb6 32. Bd3 Ke5 {Precision: White = 46%, Black = 56%.} 1/2-1/2

[Event "Yingmei CHN-chT 2018"]
[Site "Jiaxing"]
[Date "2018.07.11"]
[Round "9"]
[White "Lei, Tingjie"]
[Black "Ni, Shiqun"]
[Result "1/2-1/2"]
[WhiteElo "2537"]
[BlackElo "2435"]
[Annotator "TA"]
[PlyCount "287"]
[EventDate "2018.07.09"]
[EventType "team-tourn"]
[EventCountry "CHN"]
[SourceTitle "playchess.com"]
[Source "ChessBase"]
[SourceQuality "1"]

{[%evp 15,287,24,26,14,22,28,25,28,18,14,31,20,33,35,34,26,37,39,80,83,74,77,66,70,72,52,69,62,87,90,91,28,94,68,112,95,98,102,91,77,84,85,61,79,93,90,244,237,228,228,227,214,29979,29980,29980,29979,12827,76,62,62,64,-29,37,44,91,88,88,91,108,13,9,10,12,12,10,10,12,0,0,0,0,-14,0,0,0,0,0,0,0,-10,0,-12,-12,-13,-12,-25,0,0,0,-13,67,67,67,59,67,23,27,27,31,30,63,12,21,0,0,0,0,0,5,0,64,64,67,0,24,25,33,30,42,27,218,217,212,206,205,205,187,128,113,113,115,135,118,122,131,75,95,37,37,37,37,37,58,27,29,8,11,12,30,31,35,34,56,47,95,69,102,25,91,29,29,30,32,0,0,0,0,0,0,0,0,0,0,0,0,0,0,0,0,0,0,0,0,0,0,0,0,0,0,0,0,0,0,0,0,0,0,0,0,0,0,0,0,0,0,0,0,0,0,0,0,0,0,0,0,0,0,0,0,0,0,0,0,0,0,0,0,0,0,0,0,0,0,0,0,0,0,0,0,0,0,0,0,0,0,0,0,0,0,0,0,0,0,0,0,0,0,0,0,0,0,0,0,0]} 1. e4 e5 2. Nf3 Nf6 3. Nxe5 d6 4. Nf3 Nxe4 5. d4 d5 6. Bd3 Bf5 {C42: Petroff Defence: 3 Nxe5 and unusual White 3rd moves} 7. O-O Be7 8. Ne5 {[%cal Bf3e5,Be5g4,Bg4e3,Be3f5][%mdl 32]} Nd7 {LiveBook: 4 Games. White has an edge.} 9. Nc3 Nxc3 10. bxc3 Bxd3 11. cxd3 O-O 12. Rb1 Rb8 13. Ng4 {[#]} b5 $146 ({Predecessor:} 13... Nf6 14. Ne3 g6 15. g4 c6 16. f4 h5 17. f5 hxg4 18. Nxg4 Nh7 19. Bh6 Re8 20. fxg6 fxg6 21. Qf3 {1-0 (21) Yu,Y (2759)-Wei,Y (2734) Tianjin 2018}) 14. Ne3 c6 15. Nf5 g6 16. Qg4 Kh8 17. Nxe7 Qxe7 18. Bf4 $36 {[%mdl 2048] White is on the roll.} Rbe8 19. a4 a6 $1 20. axb5 cxb5 21. Qg3 Qe2 22. Bh6 Rg8 23. h4 (23. Ra1 $16) 23... Qe6 (23... Nf6 $1 $11) 24. Ra1 $16 f6 25. Bf4 Qc6 26. Qf3 Re7 27. Rfc1 {[%cal Bf1c1,Bc1e1,Be1e8][%mdl 32]} Rc8 28. c4 dxc4 29. d5 Qb7 30. dxc4 Rxc4 $2 (30... bxc4 $16 31. Rab1 Qa8) 31. Re1 $1 $18 {[%cal Re1e7]} Rf7 32. Re8+ Kg7 33. h5 $1 {[%csl Gf4][%cal Rh5h6]} g5 $2 {[#]} (33... Nf8 $18 34. Rb8 Qd7) 34. h6+ $1 {[%mdl 512]} Kxh6 {[#]} 35. Bxg5+ $1 {[%mdl 512]} Kg7 {[#]} (35... fxg5 36. Qxf7) 36. Qg3 $2 (36. Bh6+ $1 $18 {[%mdl 512] is the precise move to win.} Kxh6 37. Qh3+ Kg7 38. Qg3+ Kh6 39. Rg8 Qxd5 40. Qe3+ Qg5 41. Rxg5 fxg5 42. Rxa6+ Rf6 43. Ra5) 36... Nf8 $16 37. Be3+ Ng6 38. d6 ({White should try} 38. Qh3 $14 Rh4 39. Qf3) 38... Qd7 (38... Qd5 $11) 39. Ra8 $14 Qg4 {[#]} 40. Qxg4 $1 ({Much weaker is} 40. R8xa6 $6 Qxg3 41. fxg3 Ne5 $11) ({But not} 40. R1xa6 $2 Qd1+ 41. Kh2 Rh4+ 42. Qh3 Rxh3+ $19) 40... Rxg4 41. R1xa6 Ne5 {[#]} 42. Rb8 (42. f4 $1 $16 {[%cal Rf4e5]} Nc4 43. Bc5 Rxf4 44. R6a7) 42... Rb4 $11 43. f3 {[%cal Bf2f3,Bf3f4][%mdl 32]} Rd7 44. Bc5 Rb1+ 45. Kh2 Kf7 46. f4 Nd3 47. Be3 Ke6 48. Rbb6 Re1 49. f5+ Kxf5 50. Rxb5+ Ke6 51. Rb8 Ne5 52. Bc5 Re2 53. Ba3 Ra2 54. Rba8 Rd2 55. Re8+ Kf7 56. Re7+ Kg6 $1 ({Don't blunder} 56... Rxe7 $2 57. dxe7 Rd3 58. Kg1 $18) 57. Ra5 R7xd6 (57... Rd8 $11 58. Raa7 Ra2) 58. Bxd6 $14 Rxd6 $11 {[%mdl 4096] Endgame KRR-KRN} 59. Ra8 h6 60. Kg3 Rd3+ 61. Kf4 Rd4+ 62. Ke3 Rb4 63. Ra6 (63. Ree8 $14) 63... Kg5 64. Re8 Ng4+ 65. Kd3 Ne5+ 66. Kc3 Rc4+ 67. Kd2 Rf4 (67... Rg4 $11) 68. Rg8+ $14 Kf5 69. Ra5 (69. Ke1 $14) 69... Re4 70. Kd1 Kf4 71. Ra3 Rb4 72. Rh3 Ng4 $2 (72... h5 $11 {and Black stays safe.}) 73. Rf3+ $18 Ke5 74. Re8+ Kd6 75. Rd3+ Kc7 {With the idea ...Nf2+.} 76. Kc2 (76. Re2 $18) 76... Rf4 $16 77. Re7+ Kc6 78. Re6+ Kc7 79. Re2 Ne5 80. Rh3 (80. Rdd2 $142) 80... Kd6 81. Rxh6 (81. Kd2 $16) 81... Ke6 $14 82. Rh5 Kf7 83. Rh8 {Threatens to win with Ra8.} Kg6 84. Rg8+ Kf5 85. Kd1 Rf1+ 86. Kd2 Rf4 87. Kc3 Rc4+ 88. Kb3 Rf4 89. Rd2 Ke6 90. Rf8 Kf5 91. Rd6 (91. Ra8 $16) 91... Kg5 (91... Ng4 $11 {remains equal.}) 92. Kc3 ({Better is} 92. Rd5 $16) 92... Rc4+ $11 93. Kd2 Rg4 94. Rdxf6 Rxg2+ {The position is equal.} 95. Kc3 Ng4 96. Rf3 Ra2 97. Rg8+ Kh4 98. Rf4 Ra3+ 99. Kd2 Ra2+ 100. Ke1 Ra1+ 101. Ke2 Ra2+ 102. Kd3 Ra3+ 103. Kc2 Ra2+ 104. Kb3 Rg2 105. Kc4 Kh3 106. Kd4 Rg3 107. Rg7 Rg2 108. Rf8 Kg3 109. Rfg8 Kf4 110. Rf7+ Kg3 111. Kd5 (111. Rf1 {keeps more tension.} Kh2 112. Rf4 Kh3 113. Rf3+ Kh4 114. Rh8+) 111... Rd2+ 112. Ke6 Re2+ 113. Kd6 Rd2+ 114. Ke7 Ra2 115. Rf1 Ra7+ 116. Ke6 Ra6+ 117. Kd5 {Strongly threatening Rg1+.} Ra5+ 118. Ke4 {Rg1+ is the strong threat.} Ra4+ 119. Kf5 Ra5+ 120. Kg6 {Hoping for Rg1+.} Ra6+ 121. Kg5 {Black must now prevent Rg1+.} Ra5+ 122. Rf5 Ra7 123. Rb5 Rf7 124. Kh5 Rh7+ 125. Kg6 Re7 126. Rb4 Re6+ 127. Kg7 Re5 128. Ra8 Rg5+ 129. Kf7 Rf5+ 130. Kg6 Rf4 131. Ra3+ Rf3 132. Ra5 Rf4 133. Rb1 Ne3 134. Re5 Kf3 135. Rb3 Re4 136. Rf5+ Rf4 137. Rh5 Rg4+ 138. Kh6 {And now Rh3+ would win.} Kf4 139. Rb4+ Kg3 140. Rb3 Kf4 141. Ra5 {aiming for Ra4+.} Nf5+ 142. Kh7 Rg7+ 143. Kh8 Re7 144. Rb4+ {Precision: White = 58%, Black = 64%.} 1/2-1/2